000 00528nam a2200217Ia 4500
003 OSt
005 20220928135853.0
006 a|||||r|||| 00| 0
007 ta
008 220927b |||||||| |||| 00| 0 eng d
024 _a5212
037 _cTextual
040 _aSDCL
_cSDCL
_beng
041 _2eng
_aeng
082 _aO-,2J64:gx, K5;1
100 _aKnight G Wilson
245 0 _aCrown of life.
260 _c1965
942 _hO-,2J64:gx, K5;1
_cTEXL
_2CC
999 _c808707
_d808707